| 000 | 01714nam a2200481 i 4500 | ||
|---|---|---|---|
| 001 | 15726 | ||
| 003 | KOSZ 005 | ||
| 005 | 20200708082510.0 | ||
| 008 | 200425s1973 pl f 000 0 pol | ||
| 015 | _aUWD 1973/5880 | ||
| 035 | _a991033785459705066 | ||
| 035 | _a(PL-WaBN)b19040635-48omnis_nlop | ||
| 035 | _ab19040635 | ||
| 035 | _a(OCoLC)749611544 | ||
| 035 | _a(PL)b0000001904063 | ||
| 035 | _a(EXLNZ-48OMNIS_NETWORK)9910463246005606 | ||
| 040 |
_aWA N _cWA N _dKOSZ 005/RW |
||
| 046 | _k1973 | ||
| 080 | _a330.101.542 | ||
| 080 | _a001.102 | ||
| 100 | 1 |
_aTerebucha, Eufemiusz _d(1909-1983) _eAutor. |
|
| 245 | 1 | 0 |
_aWstęp do ogólnej teorii informacji mikroekonomicznej / _cEufemiusz Terebucha. |
| 260 |
_aWarszawa : _bPaństwowe Wydawnictwo Naukowe, _c1973. |
||
| 300 |
_a120 stron ; _c24 cm. |
||
| 336 |
_aTekst _btxt _2rdacontent |
||
| 337 |
_aBez urządzenia pośredniczącego _bn _2rdamedia |
||
| 338 |
_aWolumin _bnc _2rdacarrier |
||
| 380 | _aKsiążki | ||
| 380 | _aPublikacje naukowe | ||
| 388 | _a1901-2000 | ||
| 388 | _a1945-1989 | ||
| 490 | 1 |
_aSzczecińskie Towarzystwo Naukowe. Wydział Nauk Społecznych, _x0082-1292 ; _vt. 22 |
|
| 504 | _aBibliografia na stronach [104]-117. | ||
| 650 | 7 |
_aInformacja gospodarcza _2DBN |
|
| 650 | 7 |
_aMikroekonomia _2DBN |
|
| 655 | 7 | _aOpracowanie | |
| 658 | _aGospodarka, ekonomia, finanse | ||
| 710 | 2 |
_aPaństwowe Wydawnictwo Naukowe _4pbl |
|
| 830 | 0 |
_aSzczecińskie Towarzystwo Naukowe. _pWydział Nauk Społecznych _vt. 22 |
|
| 856 |
_uhttp://koha.tu.koszalin.pl/cgi-bin/koha/opac-detail.pl?biblionumber=15726 _yKatalog online BPK |
||
| 942 |
_2UKD _cKS |
||
| 999 |
_c15726 _d15726 |
||